|
|
|
|
| LEADER |
00000ny a22000003n 4500 |
| 005 |
20110621123111.0 |
| 006 |
m u |
| 007 |
cr cn||||||||| |
| 008 |
040921s2005 dcu sb 001 0 eng d |
| 010 |
|
|
|z 2004056350
|
| 020 |
|
|
|a 9780821357729
|
| 035 |
|
|
|a 2247
|
| 040 |
|
|
|a CaPaEBR
|c CaPaEBR
|d vlex
|
| 050 |
1 |
4 |
|a K1401
|b .I5528 2005eb
|
| 082 |
0 |
4 |
|a 346.04/8
|2 22
|
| 090 |
|
|
|c 1275
|d 1275
|
| 245 |
0 |
0 |
|a Intellectual property and development
|h [Recurso electrn̤ico]
|b lessons from recent economic research /
|c edited by Carsten Fink, Keith E. Maskus
|
| 256 |
0 |
0 |
|a Servicio en ln̕ea
|
| 260 |
|
|
|a Washington, DC :
|b World Bank,
|c 2005
|
| 300 |
|
|
|a xiv, 339p
|
| 504 |
|
|
|a Includes bibliographical references and index
|
| 506 |
1 |
|
|a Contenido solo disponible en los productos indicados
|d vLex Global
|d vLex Global (Academic Edition, excluding Law Schools)
|d vLex Global (U.S. Academic Edition, Law Schools)
|d vLex Global (U.S. Academic Edition, excluding Law Schools)
|d vLex Global (Academic Edition, Law Schools)
|
| 650 |
0 |
4 |
|a Desarrollo econm̤ico
|
| 650 |
0 |
4 |
|a Propiedad intelectual
|
| 700 |
1 |
|
|a Fink, Carsten
|
| 700 |
1 |
|
|a Maskus, Keith E.
|q (Keith Eugene)
|
| 740 |
0 |
|
|a vLex Libros (Servicios en ln̕ea)
|
| 856 |
4 |
0 |
|u http://vlex.com/source/2247
|z Acceso restringido
|
| 942 |
|
|
|c BOOK
|
| 999 |
|
0 |
|a Intellectual property
|
| 999 |
|
0 |
|a Law and economic development
|
| 999 |
|
0 |
|a Electronic books.
|